000 004950000a22001810004500
003 MACL
005 20160324162026.0
008 160324b xxu||||| |||| 00| 0 eng d
040 _aMACL
_cMACL
041 _aHindi
082 _a200
100 _aकाली शंकर
_948421
245 _aगीता
_bकविता रूपान्‍तर
260 _bशिप्रा
_c2003
_aदिल्‍ली
350 _a151
650 _aReligion
_948422
942 _cHIN
_k200
_2ddc
999 _c19276
_d19276